000
00242nam a22001217a 4500
003
SGT
082
_a
954.034
_b
H10G
100
_a
GANDHI, MAHATMA
245
_a
HIND SWARAJ
260
_b
HIND PRAKASHAN
_c
2010
300
_a
148
942
_2
ddc
_c
BK
999
_c
28308
_d
28308